000 00712nam a2200229Ia 4500
003 GCL
008 140319s9999 xx 000 0 ara d
040 _aGCL /
_cGCL
082 0 4 _a811.00962
_bم ر
100 1 _aمحمد الفارس
245 1 0 _aالرؤيا الابداعية فى شعر صلاح عبدالصبور /
_cمحمد الفارس
260 _a[S.N] :
_bالهيئة المصرية العامة للكتاب ،
_c1986
300 _a167 ص
490 _a
650 0 4 _aالشعر العربى
650 0 4 _aالادب العربى
650 0 4 _aالعصر الحديث
650 0 4 _aمصر
650 0 4 _aدواوين وقصائد
650 0 4 _aتاريخ ونقد
942 _2ddc
_cBK
999 _c29323
_d29323